Natsionalnoe svoeobrazie russkoi literatury : ocherki i kharakteristiki /

محفوظ في:
التفاصيل البيبلوغرافية
المؤلف الرئيسي: Kupreianova, E. N. (Elizaveta Nikolaevna), 1906-
مؤلفون آخرون: Makogonenko, G. P. (Georgii Panteleimonovich)
التنسيق: كتاب
اللغة:Russian
منشور في: Leningrad : Izd-vo Nauka Leningradskoe otdelenie, 1976.
الموضوعات:
LEADER 01133aam a2200253 a 4500
001 c000120897
003 CARM
005 20011003171021.0
008 870210s1976 ur b 000 0 rusod
019 1 |a 5231006  |5 LACONCORD2021 
035 |a (OCoLC)219880009  |5 LACONCORD2021 
040 |a NUN  |b eng  |c NUN  |d NUN  |d VU 
082 0 4 |a 891.709 
100 1 |a Kupreianova, E. N.  |q (Elizaveta Nikolaevna),  |d 1906- 
245 1 0 |a Natsionalnoe svoeobrazie russkoi literatury :  |b ocherki i kharakteristiki /  |c E.N. Kupreianova, G.P. Makogonenko. 
260 |a Leningrad :  |b Izd-vo Nauka Leningradskoe otdelenie,  |c 1976. 
300 |a 413 p. ;  |c 22 cm. 
500 |a At head of title: Adademiia nauk SSSR. Institut russkoi literatury (Pushkinskii dom) 
504 |a Includes bibliographical references. 
650 0 |a Russian literature  |x History and criticism. 
700 1 |a Makogonenko, G. P.  |q (Georgii Panteleimonovich) 
852 8 |b CARM  |h A2:AI16B0  |i B04556  |p 0203344  |f BK 
999 f f |i 3ee4a3eb-91a5-52d3-af4e-2d11a53e3680  |s 6f13fa24-2c8c-5d0d-a5f7-62556dc72770 
952 f f |p Can circulate  |a CAVAL  |b CAVAL  |c CAVAL  |d CARM 1 Store  |e B04556  |f A2:AI16B0  |h Other scheme  |i book  |m 0203344